REPORTED MEDICAL PRACTICESON PREVENTION MANAGEMENT OF VECTOR BORNE AND INFECTIONS DISEASE THROUGH AYURVEDA & SIDHA (Record no. 34645)

MARC details
000 -LEADER
fixed length control field 00539nam a22001577a 4500
003 - CONTROL NUMBER IDENTIFIER
control field SGT
020 ## - INTERNATIONAL STANDARD BOOK NUMBER
International Standard Book Number 9788190742030
082 ## - DEWEY DECIMAL CLASSIFICATION NUMBER
Classification number 615.53
Item number R10L
100 ## - MAIN ENTRY--PERSONAL NAME
Personal name LAVEKER, G.S,ed.
245 ## - TITLE STATEMENT
Title REPORTED MEDICAL PRACTICESON PREVENTION MANAGEMENT OF VECTOR BORNE AND INFECTIONS DISEASE THROUGH AYURVEDA & SIDHA
260 ## - PUBLICATION, DISTRIBUTION, ETC. (IMPRINT)
Place of publication, distribution, etc NEW DELHI
Name of publisher, distributor, etc CCRAS
Year of Publication 2010
300 ## - PAGE DESCRIPTION
No. of Pages 218
650 ## - SUBJECT ADDED ENTRY--TOPICAL TERM
Topical term or geographic name as entry element AYURVEDA
653 ## - KEYWORDS--INDEX TERM
Keyword term REPORTED, MEDICAL, PRACTICESON, PREVENTION, MANAGEMENT , VECTOR, BORNE , INFECTIONS , DISEASE, THROUGH AYURVEDA & SIDHA
942 ## - ADDED ENTRY ELEMENTS (KOHA)
Source of classification or shelving scheme Dewey Decimal Classification
Koha item type Books
Holdings
Withdrawn status Lost status Source of classification or shelving scheme Damaged status Use restrictions Not for loan Collection code Home library Current library Shelving location Date acquired Vendor Name Cost, normal purchase price SGTU Bill Number Total Checkouts Full call number Accession No. (Barcode) Date last seen Bill Date Koha item type
    Dewey Decimal Classification   Restricted Access   AYURVEDA SGT FA-FP Library SGT FA-FP Library Reference Book 24/04/2026 ABC PVT. LTD. 540.00 SGTU 22873   615.53 R10L FA13310 24/04/2026 10/04/2026 Books
    Dewey Decimal Classification   Restricted Access   AYURVEDA SGT FA-FP Library SGT FA-FP Library Reference Book 24/04/2026 ABC PVT. LTD. 540.00 SGTU 22873   615.53 R10L FA13311 24/04/2026 10/04/2026 Books